Managerial Statistics / (Record no. 10168)
[ view plain ]
| 000 -LEADER | |
|---|---|
| fixed length control field | 00740nac a22002291u 4500 |
| 008 - FIXED-LENGTH DATA ELEMENTS--GENERAL INFORMATION | |
| fixed length control field | 080910t xxu||||| |||| 00| 0 eng d |
| 010 ## - LIBRARY OF CONGRESS CONTROL NUMBER | |
| LC control number | 2001055815 |
| 020 ## - INTERNATIONAL STANDARD BOOK NUMBER | |
| International Standard Book Number | 0324569556 |
| 020 ## - INTERNATIONAL STANDARD BOOK NUMBER | |
| International Standard Book Number | 9780324569551 |
| 082 00 - DEWEY DECIMAL CLASSIFICATION NUMBER | |
| Classification number | 658.4033 |
| Item number | KEL |
| Edition number | 22 |
| 100 ## - MAIN ENTRY--PERSONAL NAME | |
| Personal name | Keller, Gerald |
| 9 (RLIN) | 434 |
| 245 10 - TITLE STATEMENT | |
| Title | Managerial Statistics / |
| Statement of responsibility, etc | Gerald Keller and Joseph L. Rotman. |
| 250 ## - EDITION STATEMENT | |
| Edition statement | 8th ed. |
| 260 ## - PUBLICATION, DISTRIBUTION, ETC. (IMPRINT) | |
| Place of publication, distribution, etc | United Kingdom : |
| Name of publisher, distributor, etc | South Weatern Cengage Learning, 2009. |
| Date of publication, distribution, etc | c2009. |
| 300 ## - PHYSICAL DESCRIPTION | |
| Extent | xxii, 899 p.: |
| Other physical details | col. ill. ; |
| Dimensions | 28 cm.+ |
| Accompanying material | 1 CD-ROM (4 3/4 in.) |
| 500 ## - GENERAL NOTE | |
| General note | Distributer:Bacca. |
| 500 ## - GENERAL NOTE | |
| General note | Includes index. |
| 650 #0 - SUBJECT ADDED ENTRY--TOPICAL TERM | |
| Topical term or geographic name as entry element | Management |
| 9 (RLIN) | 436 |
| General subdivision | Statistical methods. |
| 653 ## - INDEX TERM--UNCONTROLLED | |
| Resource For college | |
| 700 1# - ADDED ENTRY--PERSONAL NAME | |
| Personal name | Rotman, Joseph L. |
| 9 (RLIN) | 435 |
| 942 ## - ADDED ENTRY ELEMENTS (KOHA) | |
| Item type | Book - Borrowing |
| Call number prefix | 658.4033KEL |
| Source of classification or shelving scheme | Dewey Decimal Classification |
| Withdrawn status | Item status | Source of classification or shelving scheme | Materials specified (bound volume or other part) | Damaged status | Not for loan | Home library | Current library | Shelving location | Date acquired | Source of acquisition | Total Checkouts | Full call number | Barcode | Date last seen | Date last borrowed | Koha item type | Checked out | Vendor | Total Renewals |
|---|---|---|---|---|---|---|---|---|---|---|---|---|---|---|---|---|---|---|---|
| Lost | Dewey Decimal Classification | Lost In Inventory_2015-8-23 | Central Library | Central Library | First floor | 10/09/2008 | Purchase | 1 | 658.4033 KEL | 000013539 | 01/07/2011 | 19/05/2011 | NB - Book (Non borrowing) | ||||||
| Dewey Decimal Classification | Central Library | Central Library | First floor | 10/09/2008 | Purchase | 4 | 658.4033 KEL | 000013541 | 10/02/2011 | 10/02/2011 | Book - Borrowing | 20/07/2011 | |||||||
| Dewey Decimal Classification | Central Library | Central Library | First floor | 10/09/2008 | Purchase | 658.4033 KEL | 000013543 | 24/08/2022 | CD | DVD - With book | ||||||||||
| Dewey Decimal Classification | Central Library | Central Library | First floor | 10/09/2008 | Purchase | 658.4033 KEL | 000013544 | 24/08/2022 | CD | DVD - With book | ||||||||||
| Dewey Decimal Classification | Central Library | Central Library | First floor | 10/09/2008 | 658.4033 KEL | 000013545 | 24/08/2022 | CD | DVD - With book (NB) | |||||||||||
| Dewey Decimal Classification | Central Library | Central Library | First floor | 16/10/2008 | 1 | 658.4033 KEL | 000023296 | 24/08/2022 | 13/02/2011 | CD | DVD - With book | |||||||||
| Dewey Decimal Classification | Central Library | Central Library | First floor | 02/05/2010 | 22 | 658.4033 KEL | 000013542 | 15/07/2025 | 01/04/2021 | Book - Borrowing | 110 | ||||||||
| Lost & Replaced | Dewey Decimal Classification | Central Library | Central Library | First floor | 27/01/2016 | Purchase | 658.4033 KEL | 000013540 | 27/01/2016 | Book - Borrowing |